Anuario de Jurisprudencia Ambiental. Tercer Tribunal Ambiental 2023.

সংরক্ষণ করুন:
গ্রন্থ-পঞ্জীর বিবরন
সংস্থা লেখক: Tercer Tribunal Ambiental (autor)
বিন্যাস: গ্রন্থ
প্রকাশিত: Valdivia, Chile: Tercer Tribunal Ambiental, 2024.
সংস্করন:1ª edición.
বিষয়গুলি:
অনলাইন ব্যবহার করুন:Disponible Online desde Tercer Tribunal Ambiental
ট্যাগগুলো: ট্যাগ যুক্ত করুন
কোনো ট্যাগ নেই, প্রথমজন হিসাবে ট্যাগ করুন!

MARC

LEADER 00000nam a22000007a 4500
003 CL-VaPUC
005 20250331161737.0
008 250325t2024 ||||| |||| 00| 0 spa d
999 |c 447653  |d 447651 
020 |a 978-956-09833-7-4 
020 |a 978-956-09833-8-1  
040 |c Pontificia Universidad Católica de Valparaíso 
082 7 |a 344.83046 TER 2024  |2 22 
110 1 |a Tercer Tribunal Ambiental  |e autor  |9 875737 
245 |a Anuario de Jurisprudencia Ambiental.  |b Tercer Tribunal Ambiental 2023.  
250 |a 1ª edición. 
260 |a Valdivia, Chile:  |b Tercer Tribunal Ambiental,   |c 2024. 
300 |a 611 páginas. 
500 |a c.1-2. Donación Sra. María Graciela Brantt Z., Decana. MEMO DER 002/ 20-1-2025. 
583 |c 20220822  |k Cristina María Rojas Aguilar 
650 |a Derecho ambiental   |x Jurisprudencia   |9 875748 
650 |a Tribunales ambientales   |9 863074 
856 |u https://3ta.cl/wp-content/uploads/2024/09/DIGITAL_Anuario-2023.pdf  |y Disponible Online desde Tercer Tribunal Ambiental  
942 |2 ddc  |c BK 
952 |0 0  |1 0  |2 ddc  |4 0  |6 344_830460000000000_TER_2024  |7 0  |8 A  |9 601880  |a BIBDER  |b BIBDER  |d 2025-03-25  |e Donación   |i 5666761  |o 344.83046 TER 2024  |p 5666761  |r 2025-03-25  |t 1  |w 2025-03-25  |y BK  |k DER 
952 |0 0  |1 0  |2 ddc  |4 0  |6 344_830460000000000_TER_2024  |7 0  |8 A  |9 601881  |a BIBDER  |b BIBDER  |d 2025-03-25  |e Donación   |i 5666762  |o 344.83046 TER 2024  |p 5666762  |r 2025-03-25  |t 2  |w 2025-03-25  |y BK  |k DER